| 000 | 00576nam a22001817a 4500 | ||
|---|---|---|---|
| 999 |
_c256817 _d256816 |
||
| 003 | OSt | ||
| 005 | 20230613154200.0 | ||
| 008 | 180628b xxu||||| |||| 00| 0 eng d | ||
| 020 | _a0761939059 | ||
| 040 |
_cDLC _aDLC _bDLC |
||
| 050 |
_aLB2806.15 _b.S65 2003 |
||
| 100 |
_aSolomon, Pearl G. (Pearl Gold), _d1929- |
||
| 245 |
_aThe Curriculum Bridge: _bfrom standards to actual classroom practice / _c Pearl G. Solomon. |
||
| 250 | _a2nd Edition | ||
| 260 |
_aThousand Oaks, Calif. : _bCorwin Press, _cc2003. |
||
| 300 |
_axv, 202 p. : _bill. ; _c27 cm. |
||
| 942 |
_2lcc _cBK |
||